|
|
|
|
| LEADER |
00867nab a2200241 i 4500 |
| 001 |
publ32013 |
| 005 |
20250313092604.0 |
| 008 |
250313s1994 hu o 000 hun d |
| 022 |
|
|
|a 0001-6659
|
| 024 |
7 |
|
|a 1865998
|2 mtmt
|
| 040 |
|
|
|a SZTE Publicatio Repozitórium
|b hun
|
| 041 |
|
|
|a hun
|
| 100 |
1 |
|
|a Berta Emese
|
| 245 |
1 |
0 |
|a Galaktomannan felhasználása hidrofil matrix tabletták előállításában [Use of galactomannan to produce hydrophilic matrix tablets]
|h [elektronikus dokumentum] /
|c Berta Emese
|
| 260 |
|
|
|c 1994
|
| 300 |
|
|
|a 26-29
|
| 490 |
0 |
|
|a ACTA PHARMACEUTICA HUNGARICA
|v 64 No. 1
|
| 650 |
|
4 |
|a Általános orvostudomány
|
| 700 |
0 |
1 |
|a Hódi Klára
|e aut
|
| 700 |
0 |
1 |
|a Révész Piroska
|e aut
|
| 700 |
0 |
1 |
|a Miseta Mária
|e aut
|
| 700 |
0 |
1 |
|a Selmeczi Béla
|e aut
|
| 856 |
4 |
0 |
|u http://publicatio.bibl.u-szeged.hu/32013/1/aok_klny_235_94.pdf
|z Dokumentum-elérés
|